000 01247cam a2200265 4500
001 ABS63693
008 000000n2001 000 0 eng u
035 _a(Sirsi) u111757
100 _aMorgan-Smith, J.
245 _aGreen and pleasant?
260 _c2001
490 _aSurveyor
_v29 March 2001, 14-20(5)
520 _aA series of articles looking at the implications for local authorities of Part IIA of the Environmental Protection Act 1990. Considers the legislation, which requires councils to draw up contaminated land strategies by the end of June 2001. Describes how some local authorities are finding that GIS can help speed up this process. Notes that once the strategies have been drawn up, councils are likely to find themselves swamped with land remediaiton applications. Discusses the risk assessment process, and stresses the importance of the various regulatory departments working together.
590 _aABS
650 _aCOUNCILS
650 _aLOCAL AUTHORITIES
650 _aCONTAMINATED LAND
650 _aENVIRONMENTAL PROTECTION ACT 1990 PART II
650 _aPLANNING
650 _aGIS
650 _aRISK ASSESSMENTS
690 _aENVIRONMENT-CONTAMINATION
700 _aO'Connor, C.
942 _n0
999 _c66585
_d66585